Federico Barreto : (Record no. 1634)

000 -CABECERA
fixed length control field 00689nam a22002177a 4500
003 - IDENTIFICADOR DEL NÚMERO DE CONTROL
control field AR-CdUCM
008 - DATOS DE LONGITUD FIJA--INFORMACIÓN GENERAL
fixed length control field 190227b ||||| |||| 00| 0 spa d
040 ## - FUENTE DE LA CATALOGACIÓN
Agencia/entidad que catalogó originalmente la obra MUNICIPALIDAD PROVINCIAL DEL CUSCO
Entidad que transcribió la catalogación BIBLIOTECA MUNICIPAL DEL CUSCO
082 ## - NÚMERO DE LA CLASIFICACIÓN DECIMAL DEWEY
No. de Clasificación 869.56 /
Notacion interna B25
100 ## - ENTRADA PRINCIPAL--NOMBRE DE PERSONA
Nombre Personal Barreto, Federico
245 ## - MENCIÓN DE TÍTULO
Título Federico Barreto :
Resto del título antología poética /
260 ## - PUBLICACIÓN, DISTRIBUCIÓN, ETC.
Lugar de publicación, distribución, etc. Tacna-Perú :
Nombre de la editorial, distribuidor, etc. Parodi editores,
Fecha de publicación, distribución, etc. 1984.
300 ## - DESCRIPCIÓN FÍSICA
Nº de Páginas Extensión 45 páginas ;
Dimensiones 17 cm.
440 ## - MENCIÓN DE SERIE/PUNTO DE ACCESO ADICIONAL--TÍTULO
Título Colección autores tacneños.
9 (RLIN) 6097
650 ## - PUNTO DE ACCESO ADICIONAL DE MATERIA--TÉRMINO DE MATERIA
Descriptor Literatura peruana
9 (RLIN) 169
650 ## - PUNTO DE ACCESO ADICIONAL DE MATERIA--TÉRMINO DE MATERIA
Descriptor Poesía
9 (RLIN) 139
650 ## - PUNTO DE ACCESO ADICIONAL DE MATERIA--TÉRMINO DE MATERIA
Descriptor Poesía siglo XX
9 (RLIN) 1708
700 ## - PUNTO DE ACCESO ADICIONAL--NOMBRE DE PERSONA
Nombre Personal Gómez, Livio (selección)
9 (RLIN) 6098
942 ## - ELEMENTOS DE PUNTO DE ACCESO ADICIONAL (KOHA)
Fuente de clasificación
Tipo de item Libros-BMC
945 ## - PROCESAMIENTO DE INFORMACIÓN LOCAL (OCLC)
Catalogador zta
Holdings
Estado de retiro (separado) Fuente de clasificación o esquema de estanterías Estado dañado Ubicación Sala donde se ubica Nombre de la colección Fecha de adquisición o compra Costo, precio normal en soles Signatura topográfica Código de Barras Última vez visto (Koha) Tipo de ítem (Koha) Número de Ejemplar
No     Sala Humanidades Sala Humanidades Book Cart 2019-02-27 8.00 869.56 / B25F SH0000001912 2019-02-27 Libros-BMC  
No     Sala Humanidades Sala Humanidades Book Cart 2019-03-11 8.00 869.56 / B25F / e.2 SH0000005372 2019-03-11 Libros-BMC 2ej.

Powered by Koha